Normal view
MARC view
Entry Personal Name
001 - CONTROL NUMBER
- control field: 13519
003 - CONTROL NUMBER IDENTIFIER
- control field: OSt
005 - DATE AND TIME OF LATEST TRANSACTION
- control field: 20200204130025.0
008 - FIXED-LENGTH DATA ELEMENTS
- fixed length control field: 200204|| aca||aabn | a|a d
040 ## - CATALOGING SOURCE
- Original cataloging agency: OSt
- Transcribing agency: OSt
100 ## - HEADING--PERSONAL NAME
- Personal name: DiMatteo,Robin.M;
670 ## - SOURCE DATA FOUND
- Source citation: Work cat.: (OSt): DiMatteo,Robin.M;, The Psychology of Health ,illness and Medical Care:, 1990.
